000 00749nam a22001577a 4500
003 OSt
005 20150917170311.0
008 150917b xxu||||| |||| 00| 0 eng d
040 _cRUA
082 _aAGR PHO 2005 B032 Or.1
100 _9713
_aPHON SOPHEA
245 _aEffect of mulching on yield of cultivar Ts 64 (Solanum melogena) At crop station in the royal university of agriculture,(ឥទ្ធិពលគំរបប្លាស្ទិច ទៅលើទិន្នផលនៃដំណាំត្រប់វែង នៅស្ថានីយ៍ដំណាំ សាកលវិទ្យាល័យភូមិន្ទកសិកម្ម)
260 _aphnom penh
_bRUA
_c2005
300 _axiii,53p.
_cill.
_g29cm.
942 _2ddc
_cAGR
999 _c686
_d686